00474cam a22001697a 450000100060000000300080000600500170001400800390003103500190007004000320008904100080012108200160012910000170014524500410016226000810020330000200028417681BD-RjUL20211209000157.0140217s1978 bg 000 0 eng a(BD-RjUL)17739 aDLCcDLCdDLCdBD-RjULbeng aeng a821.91bHAL1 aHaq, Kaiser.12aA little ado :bpoems /cKaiser Haq. aDacca :bGranthabithi :bDistributor, Bangladesh Books International,c1978. a47 p. ;c22 cm.